Wildlife/ (Record no. 50896)

000 -LEADER
fixed length control field 00394nam a22001571a 4500
020 ## - INTERNATIONAL STANDARD BOOK NUMBER
International Standard Book Number 9781860461736
082 ## - DEWEY DECIMAL CLASSIFICATION NUMBER
Classification number 823
Item number RIC/W
100 ## - MAIN ENTRY--PERSONAL NAME
Personal name Richard Ford
9 (RLIN) 102883
245 ## - TITLE STATEMENT
Title Wildlife/
Statement of responsibility, etc. by Richard Ford
260 ## - PUBLICATION, DISTRIBUTION, ETC.
Place of publication, distribution, etc. London:
Name of publisher, distributor, etc. Harvill Press,
Date of publication, distribution, etc. 1990.
300 ## - PHYSICAL DESCRIPTION
Extent 162
650 ## - SUBJECT ADDED ENTRY--TOPICAL TERM
Topical term or geographic name entry element Novel English
9 (RLIN) 102884
650 ## - SUBJECT ADDED ENTRY--TOPICAL TERM
Topical term or geographic name entry element Literature English
9 (RLIN) 102885
650 ## - SUBJECT ADDED ENTRY--TOPICAL TERM
Topical term or geographic name entry element Literature
9 (RLIN) 102886
942 ## - ADDED ENTRY ELEMENTS (KOHA)
Koha item type Book
Holdings
Withdrawn status Lost status Damaged status Not for loan Permanent Location Current Location Date acquired Cost, normal purchase price Total Checkouts Full call number Barcode Date last seen Date last checked out Cost, replacement price Price effective from Koha item type
        Sree Sankaracharya University of Sanskrit Sree Sankaracharya University of Sanskrit 08.01.2015 356.89 1 823 RIC/W 026575 12.07.2017 04.07.2017 0.00 08.01.2015 Book